|
|
|
|
| LEADER |
00000cam a2200000 a 4500 |
| 001 |
vtls001412585 |
| 003 |
SK-MaSNL |
| 005 |
20260302072216.0 |
| 008 |
250312s1966 xo g 000 0 slo |
| 020 |
|
|
|q (viazané)
|
| 035 |
|
|
|a SNK000367302
|
| 035 |
|
|
|a urn:nbn:sk:snk-am3ibcj
|
| 035 |
|
|
|a urn:nbn:sk:snk-am00e0ta
|
| 035 |
|
|
|a 70837135-A23A-4ACF-9E2C-F25E3E8BAAE3
|
| 040 |
|
|
|a SNK
|b slo
|c SNK
|e AACR2
|
| 041 |
0 |
|
|a slo
|
| 044 |
|
|
|a xo
|c SK
|
| 072 |
|
7 |
|a 34
|x Právo
|2 konspekt
|
| 072 |
|
7 |
|a 331
|x Práca
|2 konspekt
|
| 080 |
|
|
|a 349.2(094.5)
|2 1981
|
| 080 |
|
|
|a (094.4)
|2 2011
|
| 080 |
|
|
|a 34
|2 2011
|
| 245 |
0 |
0 |
|a Zákonník práce a súvisiace predpisy
|c [z českého rukopisu preložil Ján Horecký]
|
| 250 |
|
|
|a 4. vyd.
|
| 260 |
|
|
|a Bratislava
|b Práca
|c 1966
|
| 300 |
|
|
|a 499 s.
|c 15 cm
|
| 490 |
1 |
|
|a Knižnica mzdových a pracovnoprávných príručiek
|v zv. 6/66
|
| 655 |
|
7 |
|a zákonníky
|2 SNKPH
|9 70668
|
| 655 |
|
7 |
|a právne predpisy
|2 SNKPH
|9 70481
|
| 655 |
|
7 |
|a Law books
|2 SNKPHeng
|9 426197
|
| 655 |
|
7 |
|a Legal regulations
|2 SNKPHeng
|9 266958
|
| 700 |
1 |
|
|a Horecký, Ján,
|d 1920-2006
|4 trl
|9 105131
|
| 830 |
|
0 |
|a Knižnica mzdových a pracovnoprávnych príručiek
|9 277047
|
| 852 |
|
|
|a Slovenská národná knižnica
|
| 958 |
|
|
|a OND
|
| 999 |
|
|
|c 1155521
|d 1157451
|
| 952 |
|
|
|t P60, <03>, [BOOK], {603}
|a SNK
|b SNK
|y PREZ
|7 0
|p 17A0299205
|o snkSE 7412
|i snkF 3695/84
|0 0
|1 0
|4 0
|d 2001-05-03
|f 1
|l 0
|r 2005-01-02 00:00:00
|w 2026-02-24
|
| 952 |
|
|
|t P60, <04>, [BOOK], {604}
|a SNK
|b SNK
|y VYP
|7 0
|p 17A0305424
|o snkSE 7412 D1
|i snkD 994/2001
|0 0
|1 0
|4 0
|d 2001-06-12
|l 0
|r 2005-01-02 00:00:00
|w 2026-02-24
|